Régions du Danemark - Statistiques

Statistiques générales
  • Ce quiz a été pris 55 fois
  • Le résultat moyen est 3 sur 5
Statistiques - réponses
Réponse % Correct
Jutland du Nord
92%
Jutland Central
88%
Danemark du Sud
73%
Hovedstaden
42%
Sjaelland
42%
Aucun quiz correspondant
Distribution des résultats
% des personnes avec chaque résultat
Percentile par nombre de réponses
Votre historique - résultats
Vous n’avez pas pris ce quiz